| 000 | 00872nam a2200217Ia 4500 | ||
|---|---|---|---|
| 001 | 10169 | ||
| 003 | GE_BSU | ||
| 008 | 181216s||||||||xx |||||||||||||| ||und|| | ||
| 040 | _cGE_BSU | ||
| 080 | _a821.353.1–312.2+821.353.1-97 | ||
| 245 | _aსიბრძნე ბალავარისა | ||
| 245 | _bძვ.ქართ.ლიტ.ისტორია და კრიტიკა | ||
| 245 | _cრედ.,ვარიანტები და ლექსიკონი ილია აბულაძისა.რედ.გ.ქიქოძე | ||
| 260 | _aტფილისი | ||
| 260 | _bფედერაცია | ||
| 260 | _c1937 | ||
| 300 | _a141გვ.18სმ. | ||
| 653 | _aსიბრძნე ბალავარისა | ||
| 653 | _aძვ.ქართ.ლიტ.ისტორია და კრიტიკა | ||
| 942 | _cBK | ||
| 999 |
_c43439 _d43439 |
||